| 000 | 00841pam a2200289 i 4500 | ||
|---|---|---|---|
| 001 | 4189698 | ||
| 003 | OSt | ||
| 005 | 20140310184501.0 | ||
| 008 | 800422s1980 nyu j 000 1 eng | ||
| 010 | _a 80016293 | ||
| 020 | _a9780439820837 | ||
| 040 |
_aDLC _cDLC _dDLC |
||
| 042 | _alcac | ||
| 050 | 0 | 0 |
_aPZ 7 _b.W15473Do 2005 |
| 100 | 1 |
_aWallace, Bill, _d1947- _928578 |
|
| 245 | 1 | 2 |
_aA dog called Kitty / _cBill Wallace. |
| 260 |
_aNew York : _bHoliday House, _c2005 |
||
| 300 |
_a152 p. ; _c21 cm. |
||
| 520 | _aAfraid of dogs since he was attacked by a mad one, Ricky resists taking in a homeless pup that shows up at the farm. | ||
| 521 | _aG5 | ||
| 526 | _c710 | ||
| 562 | _e1 | ||
| 650 | 1 |
_aDogs _xFiction. _928579 |
|
| 906 |
_a7 _bcbc _corignew _d1 _eocip _f19 _gy-gencatlg |
||
| 942 |
_2lcc _cBK-SCHOLAS |
||
| 999 |
_c34742 _d34742 |
||